A man called Peter : (Record no. 24205)
[ view plain ]
| 000 -LEADER | |
|---|---|
| fixed length control field | 00652nam a2200217 a 4500 |
| 001 - CONTROL NUMBER | |
| control field | 24205 |
| 003 - CONTROL NUMBER IDENTIFIER | |
| rucl marc code | BD-RjUL |
| 005 - DATE AND TIME OF LATEST TRANSACTION | |
| control field | 20211209001024.0 |
| 008 - FIXED-LENGTH DATA ELEMENTS--GENERAL INFORMATION | |
| fixed length control field | 140312s1951 enk 001 0 eng d |
| 035 ## - SYSTEM CONTROL NUMBER | |
| System control number | (BD-RjUL)24271 |
| 040 ## - CATALOGING SOURCE | |
| Original cataloging agency | D2035 |
| Language of cataloging | eng |
| Transcribing agency | D2035 |
| Modifying agency | NSL:S |
| -- | BD-RjUL |
| 041 ## - LANGUAGE CODE | |
| Language code of text/sound track or separate title | eng |
| 082 14 - DEWEY DECIMAL CLASSIFICATION NUMBER | |
| Classification number | 253.2092 |
| Edition number | 19 |
| Author mark and year | MAM 1951 |
| 100 1# - MAIN ENTRY--PERSONAL NAME | |
| Personal name | Marshall, Catherine, |
| Dates associated with a name | 1914- |
| 9 (RLIN) | 74557 |
| 245 12 - TITLE STATEMENT | |
| Title | A man called Peter : |
| Remainder of title | the story of Peter Marshall / |
| Statement of responsibility, etc. | by Catherine Marshall. |
| 260 ## - PUBLICATION, DISTRIBUTION, ETC. (IMPRINT) | |
| Place of publication, distribution, etc. | London : |
| Name of publisher, distributor, etc. | Peter Davies, |
| Date of publication, distribution, etc. | 1951. |
| 300 ## - PHYSICAL DESCRIPTION | |
| Pagination | viii, 354 p. ; |
| Size | 21 cm. |
| 504 ## - BIBLIOGRAPHY, ETC. NOTE | |
| Bibliography, etc | Includes index. |
| 600 10 - SUBJECT ADDED ENTRY--PERSONAL NAME | |
| Personal name | Marshall, Peter, |
| Dates associated with a name | 1902-1949. |
| 942 ## - ADDED ENTRY ELEMENTS (KOHA) | |
| Source of classification or shelving scheme | Dewey Decimal Classification |
| Koha item type | Books |
| Lost status | Source of classification or shelving scheme | Damaged status | Not for loan | Collection code | Permanent Location | Current Location | Shelving location | Date acquired | Source of acquisition | Total Checkouts | Full call number | Date last seen | Copy number | Koha item type |
|---|---|---|---|---|---|---|---|---|---|---|---|---|---|---|
| Dewey Decimal Classification | Added to bundle | Non-fiction | Central Library, University of Rajshahi | Central Library, University of Rajshahi | Reading Room | 01/03/1958 | U.S.I.S, Dacca, Gift. | 253.2092 MAM 1951 | 12/03/2014 | C-1 | Books | |||
| Dewey Decimal Classification | Added to bundle | Non-fiction | Central Library, University of Rajshahi | Central Library, University of Rajshahi | Reading Room | 18/02/1958 | U.S.I.S. Dacca | 253.2092 MAM 1951 | 13/03/2014 | C-1 | Books |